113_ Personnalités nées un 23 avril par images - Statistiques

Statistiques générales
  • Ce quiz a été pris 34 fois
  • Le résultat moyen est 3 sur 9
Statistiques - réponses
Par images Hint Réponse % Correct
Catcheur John Cena
84%
Chanteuse Wejdene
81%
Youtubeur Antoine Daniel
72%
Chanteuse Lenie
34%
Famille Royale Louis de Galles
28%
Réalisateur Michael Moore
16%
Peintre Joseph Mallord William Turner
9%
Compositeur Sergueï Prokofiev
9%
Écrivain Maurice Druon
0%
Aucun quiz correspondant
Distribution des résultats
% des personnes avec chaque résultat
Percentile par nombre de réponses
Votre historique - résultats
Vous n’avez pas pris ce quiz